Využívanie ekonomických experimentov vo verejných financiách

Gespeichert in:
Bibliographische Detailangaben
1. Verfasser: Péliová, Jana, 1976-
Weitere Verfasser: Pastoráková, Erika, 1972-, Ochotnický, Pavol
Format: Buch
Sprache:Slowakisch
Veröffentlicht: Bratislava Vydavateľstvo EKONÓM 2015
Ausgabe:1. vyd.
Schlagworte:
Tags: Tag hinzufügen
Keine Tags, Fügen Sie das erste Tag hinzu!

MARC

LEADER 00000nam a2200000 4500
001 0205717
005 20240502073426.2
020 |a 978-80-225-4112-1 
041 0 |a slo 
044 |a SK 
245 1 0 |a Využívanie ekonomických experimentov vo verejných financiách  |c Jana Péliová ; recenzenti: Erika Pastoráková, Pavol Ochotnický 
250 |a 1. vyd. 
264 1 |a Bratislava  |b Vydavateľstvo EKONÓM  |c 2015 
300 |a 137 s. [7,30 AH] 
610 2 0 |a financie verejné 
610 2 0 |a ekonómia behaviorálna 
610 2 0 |a financie behaviorálne 
610 2 0 |a ekonómia experimentálna 
610 2 0 |a experimenty 
610 2 0 |a statky verejné 
610 2 0 |a politika daňová 
100 1 |a Péliová, Jana, 1976- 
700 1 |a Pastoráková, Erika, 1972- 
700 1 |a Ochotnický, Pavol